000 00689nam a2200229Ia 4500
003 OSt
005 20220928125628.0
006 a|||||r|||| 00| 0
007 ta
008 220927b |||||||| |||| 00| 0 eng d
024 _a33821
037 _cTextual
040 _aSDCL
_cSDCL
_beng
041 _2eng
_aeng
082 _aV2:1944Q71(zP)'N7, P0
100 _aHazarika Sanjoy
_9470630
245 0 _aRites of Passage
_b Border crossings,imagined homelands India's East and Bangladesh
260 _aNew Delhi
_bPenguin Books
_c2000
300 _axviii,347p
_ccm.
942 _hV2:1944Q71(zP)'N7, P0
_cTEXL
_2CC
999 _c783333
_d783333